000 02425nam0a22004091 4500
001 v19\rc\1188622
005 20260406151822.0
035 _a(NLR Aleph) 005187054
090 _a5174856
_c5174856
100 _a20051201e18281828|||y0rusy50 ca
101 0 _arus
102 _aRU
135 _acrcn 024anaba
140 _ay y aayaa0000
200 1 _aВидение
_e[Взято из альм.: Северные цветы на 1829 год]
_f[В. Жуковский]
210 _a[Санкт-Петербург
_d1828]
215 _a[4] с.
_d12°
300 _aАвт. указан в конце текста на с.[4].
311 _aВзято из альм.: Северные цветы на 1829 г. (СПб., 1828, с. 49-50; указано на обороте тит. л.).
316 _aЭкз. РНБ (18.209.3.244) в бумажной серо-синей обл. (на сгибе выцвела). На 1-й с. обл. ярлык РНБ с шифром. На с. [1] и [4] круглый штамп ГПБ. На с. [4] техн. помета (чернила). Размер: 19,0х12,5х0,1 см
_5NLR: 18.209.3.244
325 _aКопия доступна в Электрон. б-ке РНБ
488 0 _12001#$aСеверные цветы$v1829
_tСеверные цветы
700 1 _7ca
_8rus
_aЖуковский
_bВ. А.
_cпоэт
_f1783-1852
_gВасилий Андреевич
_9115493
_3RU\NLR\AUTH\775529
801 2 _aRU
_bNLR
_c20051216
_2rusmarc
801 0 _aRU
_bNLR
_c20051201
_gpsbo
801 1 _aRU
_bProSoft-M
_c20051201
_2rusmarc
852 _aNLR
_j18.209.3.244
942 _cBOOK
980 _aNB
981 3 3 _a(33) Художественная литература
_b(33) Отечественная литература
981 2 2 _a(22) Материалы по истории России
_b(22) Культура. Наука. Просвещение.
981 2 2 _a(22) Материалы по истории России
_b(22) История России до 25 октября (7 ноября) 1917 года
981 2 0 _a(20) Книжные памятники РНБ
_b(20) Русский книжный фонд